000 00412nam a2200157 a 4500
005 20140414093849.0
008 110718s19uu xx 00 eng d
020 _a9781845651169
050 _aCDR 510
_bC597 2006
100 _aClarke, Peter
245 _aAPEX maths :
_bword problems 1 /
_cPeter Clarke.
260 _aLondon :
_bCambridge,
_c2006.
650 _aMathematics
942 _cAVM
999 _c109778
_d109778